000 00471ntaaa2200181 4500
003 01
005 20251027202850.0
008 0714s1973 ag 01
040 _aAR-BaBN
_bspa
_cAR-BaBN
_eaacr
_dRIC
082 _a269.0000 St4
100 _aStewart, James A
_911667
245 _aNew Testament evangelism and dynamic evangelism
250 _a1 ed.
260 _aPhiladelphia :
_bRevival Literature,
_cc1961
300 _a83 p
650 _aevangelismo
_9336
942 _cBK
999 _c24029
_d24029